[Event "Fagernes GM Swiss 2020"]
[Site "Fagernes"]
[Date "2020.10.04"]
[Round "1.9"]
[White "Grover, Sigurd Loe"]
[Black "Starostits, Ilmars"]
[Result "0-1"]
[WhiteElo "2145"]
[BlackElo "2464"]
[Annotator "ChessBase"]
[PlyCount "68"]
[EventDate "2020.10.04"]
[EventType "swiss"]
[EventCountry "NOR"]
[SourceTitle "playchess.com"]
[Source "ChessBase"]
[SourceQuality "1"]
[TimeControl "40/6000+30:2400+30"]

1. d4 {[%emt 0:00:00]} d5 {[%emt 0:00:00]} 2. Nf3 {[%emt 0:00:00]} c6 {[%emt 0:00:07]} 3. c4 {[%emt 0:00:00]} dxc4 {[%emt 0:00:08]} 4. e3 {[%emt 0:00:33]} Be6 {[%emt 0:00:09]} 5. Be2 {[%emt 0:00:07]} Nf6 {[%emt 0:00:47]} 6. O-O {[%emt 0:01:29]} g6 {[%emt 0:03:24]} 7. Ng5 {[%emt 0:00:43]} Bd5 {[%emt 0:00:23]} 8. f3 {[%emt 0:00:05]} h6 {[%emt 0:00:00]} 9. Nh3 {[%emt 0:00:17]} Bg7 {[%emt 0:01:35]} 10. e4 {[%emt 0:01:44]} Be6 {[%emt 0:00:18]} 11. Nf4 {[%emt 0:00:13]} Bc8 {[%emt 0:01:56]} 12. Bxc4 {[%emt 0:01:42]} b5 {[%emt 0:05:57]} 13. Bb3 {[%emt 0:03:57]} Nh5 {[%emt 0:00:08]} 14. d5 {[%emt 0:04:31]} Nxf4 {[%emt 0:00:15]} 15. Bxf4 {[%emt 0:00:05]} Bxb2 {[%emt 0:00:45]} 16. Nd2 {[%emt 0:01:49]} Bb7 {[%emt 0:04:19]} 17. dxc6 {[%emt 0:13:19]} Bd4+ {[%emt 0:00:50]} 18. Kh1 {[%emt 0:00:05]} Nxc6 {[%emt 0:00:06]} 19. a4 {[%emt 0:10:42]} b4 {[%emt 0:14:52]} 20. Nc4 {[%emt 0:03:10]} e5 {[%emt 0:02:16]} 21. Bd2 {[%emt 0:08:20]} Bxa1 {[%emt 0:11:11]} 22. Qxa1 {[%emt 0:00:31]} Qd3 {[%emt 0:01:01]} 23. Nxe5 {[%emt 0:18:19]} Qxd2 {[%emt 0:13:20]} 24. Bxf7+ {[%emt 0:02:47]} Ke7 {[%emt 0:00:52]} 25. Nxc6+ {[%emt 0:15:34]} Bxc6 {[%emt 0:07:23]} 26. Qg7 {[%emt 0:00:12]} Kd6 {[%emt 0:00:31]} 27. Bb3 {[%emt 0:03:57]} Kc5 {[%emt 0:04:27]} 28. Rd1 {[%emt 0:00:21]} Qc3 {[%emt 0:01:42]} 29. Qc7 {[%emt 0:00:27]} Qxb3 {[%emt 0:00:29]} 30. Rd5+ {[%emt 0:09:09]} Qxd5 {[%emt 0:00:09]} 31. Qa5+ {[%emt 0:00:58]} Kc4 {[%emt 0:03:26]} 32. exd5 {[%emt 0:00:41]} Rhd8 {[%emt 0:00:11]} 33. Qa6+ {[%emt 0:06:15]} Kxd5 {[%emt 0:00:06]} 34. h3 {[%emt 0:01:27]} Rab8 {[%emt 0:05:10]} 0-1

[Event "Fagernes GM Swiss 2020"]
[Site "Fagernes"]
[Date "2020.10.04"]
[Round "1.10"]
[White "Elsness, Frode"]
[Black "Bjerke, Richard"]
[Result "1-0"]
[WhiteElo "2454"]
[BlackElo "2144"]
[Annotator "ChessBase"]
[PlyCount "59"]
[EventDate "2020.10.04"]
[EventType "swiss"]
[EventCountry "NOR"]
[SourceTitle "playchess.com"]
[Source "ChessBase"]
[SourceQuality "1"]
[TimeControl "40/6000+30:2400+30"]

1. d4 {[%emt 0:00:00]} Nf6 {[%emt 0:00:00]} 2. c4 {[%emt 0:00:00]} e6 {[%emt 0:00:04]} 3. Nf3 {[%emt 0:00:00]} b6 {[%emt 0:00:31]} 4. g3 {[%emt 0:00:23]} Ba6 {[%emt 0:01:09]} 5. b3 {[%emt 0:00:12]} Bb4+ {[%emt 0:00:19]} 6. Bd2 {[%emt 0:00:07]} Be7 {[%emt 0:00:19]} 7. Bg2 {[%emt 0:00:50]} d5 {[%emt 0:01:08]} 8. O-O {[%emt 0:00:31]} O-O {[%emt 0:00:17]} 9. cxd5 {[%emt 0:01:33]} exd5 {[%emt 0:00:13]} 10. Nc3 {[%emt 0:02:12]} Bb7 {[%emt 0:01:57]} 11. Rc1 {[%emt 0:03:32]} Na6 {[%emt 0:02:28]} 12. Bf4 {[%emt 0:04:00]} c5 {[%emt 0:04:26]} 13. Ne5 {[%emt 0:06:04]} Nc7 {[%emt 0:05:54]} 14. dxc5 {[%emt 0:15:17]} bxc5 {[%emt 0:03:35]} 15. Na4 {[%emt 0:03:03]} Ne6 {[%emt 0:04:46]} 16. Nd3 {[%emt 0:02:24]} Rc8 {[%emt 0:03:06]} 17. Be5 {[%emt 0:03:14]} Nd7 {[%emt 0:05:12]} 18. Bc3 {[%emt 0:17:58]} Bc6 {[%emt 0:11:46]} 19. Nab2 {[%emt 0:03:49]} d4 {[%emt 0:16:54]} 20. Bxc6 {[%emt 0:04:33]} dxc3 {[%emt 0:00:18]} 21. Bxd7 {[%emt 0:00:24]} cxb2 {[%emt 0:00:10]} 22. Nxb2 {[%emt 0:00:19]} Bg5 {[%emt 0:06:23]} 23. e3 {[%emt 0:09:23]} Bf6 {[%emt 0:05:12]} 24. Bxc8 {[%emt 0:03:23]} Qxc8 {[%emt 0:00:07]} 25. Nc4 {[%emt 0:02:09]} Qc6 {[%emt 0:06:02]} 26. f4 {[%emt 0:10:39]} g6 {[%emt 0:02:43]} 27. Qf3 {[%emt 0:00:58]} Qa6 {[%emt 0:00:24]} 28. Rf2 {[%emt 0:00:52]} h5 {[%emt 0:00:26]} 29. Rd1 {[%emt 0:01:12]} Be7 {[%emt 0:01:49]} 30. Rd7 {[%emt 0:01:11]} 1-0

[Event "Fagernes GM Swiss 2020"]
[Site "Fagernes"]
[Date "2020.10.04"]
[Round "1.11"]
[White "Holleland, Sigve"]
[Black "Kaasen, Tor Fredrik"]
[Result "1/2-1/2"]
[WhiteElo "2133"]
[BlackElo "2386"]
[Annotator "ChessBase"]
[PlyCount "93"]
[EventDate "2020.10.04"]
[EventType "swiss"]
[EventCountry "NOR"]
[SourceTitle "playchess.com"]
[Source "ChessBase"]
[SourceQuality "1"]
[TimeControl "40/6000+30:2400+30"]

1. d4 {[%emt 0:02:22]} Nf6 {[%emt 0:00:08]} 2. c4 {[%emt 0:00:14]} g6 {[%emt 0:01:06]} 3. Nc3 {[%emt 0:00:13]} Bg7 {[%emt 0:00:43]} 4. e4 {[%emt 0:00:22]} d6 {[%emt 0:00:14]} 5. h3 {[%emt 0:00:58]} O-O {[%emt 0:01:07]} 6. Bg5 {[%emt 0:03:08]} c5 {[%emt 0:04:08]} 7. d5 {[%emt 0:06:48]} e6 {[%emt 0:01:03]} 8. Nf3 {[%emt 0:07:52]} exd5 {[%emt 0:04:32]} 9. cxd5 {[%emt 0:01:54]} Re8 {[%emt 0:04:20]} 10. Bd3 {[%emt 0:09:47]} c4 {[%emt 0:09:43]} 11. Bc2 {[%emt 0:07:05]} Nbd7 {[%emt 0:04:03]} 12. O-O {[%emt 0:02:08]} Nc5 {[%emt 0:04:54]} 13. Nd2 {[%emt 0:02:22]} b6 {[%emt 0:04:29]} 14. f4 {[%emt 0:07:45]} h6 {[%emt 0:06:31]} 15. Bh4 {[%emt 0:00:43]} Ba6 {[%emt 0:08:14]} 16. e5 {[%emt 0:15:45]} dxe5 {[%emt 0:01:02]} 17. fxe5 {[%emt 0:00:15]} Rxe5 {[%emt 0:00:28]} 18. Qf3 {[%emt 0:01:15]} g5 {[%emt 0:09:45]} 19. Bf2 {[%emt 0:04:07]} Rxd5 {[%emt 0:05:36]} 20. Nxd5 {[%emt 0:05:25]} Qxd5 {[%emt 0:00:12]} 21. Bxc5 {[%emt 0:00:52]} Qxf3 {[%emt 0:02:43]} 22. Rxf3 {[%emt 0:00:38]} bxc5 {[%emt 0:00:28]} 23. Ra3 {[%emt 0:02:18]} Bc8 {[%emt 0:19:06]} 24. Nxc4 {[%emt 0:03:01]} Be6 {[%emt 0:00:26]} 25. Bd3 {[%emt 0:04:24]} Nd5 {[%emt 0:04:22]} 26. Rd1 {[%emt 0:04:58]} Nb4 {[%emt 0:04:39]} 27. Bf1 {[%emt 0:02:14]} Nc2 {[%emt 0:00:59]} 28. Rb3 {[%emt 0:02:26]} a5 {[%emt 0:01:36]} 29. Rd2 {[%emt 0:03:33]} Bd4+ {[%emt 0:00:57]} 30. Kh1 {[%emt 0:01:28]} Nb4 {[%emt 0:03:25]} 31. a3 {[%emt 0:02:48]} Nd5 {[%emt 0:00:30]} 32. Rb5 {[%emt 0:01:17]} Ne3 {[%emt 0:01:24]} 33. Nxe3 {[%emt 0:01:00]} Bxe3 {[%emt 0:00:05]} 34. Rd1 {[%emt 0:00:35]} a4 {[%emt 0:00:24]} 35. Bd3 {[%emt 0:01:17]} Bb3 {[%emt 0:01:15]} 36. Re1 {[%emt 0:00:19]} Bd4 {[%emt 0:00:42]} 37. Re2 {[%emt 0:00:49]} Rd8 {[%emt 0:00:15]} 38. Ra5 {[%emt 0:01:57]} Bxb2 {[%emt 0:02:13]} 39. Rxb2 {[%emt 0:00:55]} Rxd3 {[%emt 0:00:07]} 40. Rxc5 {[%emt 0:00:16]} Rd1+ {[%emt 0:00:10]} 41. Kh2 {[%emt 0:40:20]} Ra1 {[%emt 0:40:46]} 42. Ra5 {[%emt 0:01:33]} Kg7 {[%emt 0:00:00]} 43. h4 {[%emt 0:00:00]} gxh4 {[%emt 0:00:00]} 44. Kh3 {[%emt 0:00:00]} Rh1+ {[%emt 0:00:00]} 45. Kg4 {[%emt 0:00:00]} Rh2 {[%emt 0:00:00]} 46. Rb5 {[%emt 0:00:00]} Kg6 {[%emt 0:00:00]} 47. Rb6+ {[%emt 0:00:00]} 1/2-1/2

[Event "Fagernes GM Swiss 2020"]
[Site "Fagernes"]
[Date "2020.10.04"]
[Round "1.12"]
[White "Hobber, Anders"]
[Black "Bentsen, Hakon"]
[Result "1-0"]
[WhiteElo "2386"]
[BlackElo "2120"]
[Annotator "ChessBase"]
[PlyCount "81"]
[EventDate "2020.10.04"]
[EventType "swiss"]
[EventCountry "NOR"]
[SourceTitle "playchess.com"]
[Source "ChessBase"]
[SourceQuality "1"]
[TimeControl "40/6000+30:2400+30"]

1. d4 {[%emt 0:00:00]} Nf6 {[%emt 0:00:00]} 2. Nf3 {[%emt 0:00:04]} d5 {[%emt 0:00:00]} 3. Bf4 {[%emt 0:00:11]} e6 {[%emt 0:00:30]} 4. e3 {[%emt 0:00:24]} Bd6 {[%emt 0:00:35]} 5. Bg3 {[%emt 0:00:25]} O-O {[%emt 0:01:14]} 6. Nbd2 {[%emt 0:00:48]} c5 {[%emt 0:00:34]} 7. c3 {[%emt 0:01:08]} Nc6 {[%emt 0:02:10]} 8. Bd3 {[%emt 0:02:46]} Re8 {[%emt 0:08:15]} 9. Ne5 {[%emt 0:03:10]} Qc7 {[%emt 0:00:35]} 10. f4 {[%emt 0:02:47]} Ne7 {[%emt 0:05:18]} 11. Bf2 {[%emt 0:16:23]} Ng6 {[%emt 0:02:50]} 12. Qf3 {[%emt 0:15:12]} c4 {[%emt 0:03:56]} 13. Bc2 {[%emt 0:02:14]} b5 {[%emt 0:00:13]} 14. a3 {[%emt 0:01:28]} a5 {[%emt 0:01:18]} 15. h4 {[%emt 0:06:44]} Rb8 {[%emt 0:05:11]} 16. h5 {[%emt 0:13:29]} Nf8 {[%emt 0:01:17]} 17. g4 {[%emt 0:02:17]} b4 {[%emt 0:04:41]} 18. axb4 {[%emt 0:01:33]} axb4 {[%emt 0:00:08]} 19. g5 {[%emt 0:02:32]} N6d7 {[%emt 0:01:21]} 20. g6 {[%emt 0:11:42]} f5 {[%emt 0:10:01]} 21. gxh7+ {[%emt 0:08:32]} Kxh7 {[%emt 0:01:15]} 22. h6 {[%emt 0:06:08]} g6 {[%emt 0:00:44]} 23. Qd1 {[%emt 0:01:56]} Nxe5 {[%emt 0:02:10]} 24. dxe5 {[%emt 0:01:17]} Be7 {[%emt 0:00:31]} 25. Qe2 {[%emt 0:04:59]} b3 {[%emt 0:04:59]} 26. Bd1 {[%emt 0:00:31]} Bb7 {[%emt 0:00:08]} 27. Nf3 {[%emt 0:00:16]} Ra8 {[%emt 0:09:37]} 28. Rxa8 {[%emt 0:00:28]} Rxa8 {[%emt 0:00:07]} 29. Bh4 {[%emt 0:00:05]} Kh8 {[%emt 0:04:41]} 30. h7 {[%emt 0:01:27]} Ra1 {[%emt 0:00:41]} 31. Ng5 {[%emt 0:01:06]} Bxg5 {[%emt 0:00:31]} 32. Bxg5 {[%emt 0:00:08]} Nxh7 {[%emt 0:00:07]} 33. Bf6+ {[%emt 0:02:04]} Kg8 {[%emt 0:00:06]} 34. Qg2 {[%emt 0:00:20]} Qf7 {[%emt 0:00:24]} 35. Rh6 {[%emt 0:00:29]} g5 {[%emt 0:04:14]} 36. Qxg5+ {[%emt 0:01:22]} Kf8 {[%emt 0:00:03]} 37. Qh4 {[%emt 0:00:23]} Qg8 {[%emt 0:00:36]} 38. Bg5 {[%emt 0:00:47]} Nxg5 {[%emt 0:00:09]} 39. fxg5 {[%emt 0:00:09]} d4 {[%emt 0:01:27]} 40. Rh8 {[%emt 0:01:19]} dxc3 {[%emt 0:01:42]} 41. Qh6+ {[%emt 0:40:30]} 1-0

[Event "Fagernes GM Swiss 2020"]
[Site "Fagernes"]
[Date "2020.10.04"]
[Round "1.13"]
[White "Skotheim, Andreas"]
[Black "Galinsky, Timofey"]
[Result "1/2-1/2"]
[WhiteElo "2120"]
[BlackElo "2370"]
[Annotator "ChessBase"]
[PlyCount "122"]
[EventDate "2020.10.04"]
[EventType "swiss"]
[EventCountry "NOR"]
[SourceTitle "playchess.com"]
[Source "ChessBase"]
[SourceQuality "1"]
[TimeControl "40/6000+30:2400+30"]

1. e4 {[%emt 0:00:00]} d6 {[%emt 0:00:00]} 2. d4 {[%emt 0:00:49]} Nf6 {[%emt 0:00:32]} 3. Nc3 {[%emt 0:00:37]} c6 {[%emt 0:00:49]} 4. Nf3 {[%emt 0:02:29]} Bg4 {[%emt 0:02:14]} 5. Be2 {[%emt 0:03:39]} Nbd7 {[%emt 0:02:53]} 6. a4 {[%emt 0:06:46]} h6 {[%emt 0:08:25]} 7. O-O {[%emt 0:05:38]} e5 {[%emt 0:03:18]} 8. Re1 {[%emt 0:11:09]} Be7 {[%emt 0:04:20]} 9. b3 {[%emt 0:06:14]} O-O {[%emt 0:02:45]} 10. Bb2 {[%emt 0:06:04]} Re8 {[%emt 0:02:58]} 11. h3 {[%emt 0:07:54]} Bh5 {[%emt 0:05:16]} 12. dxe5 {[%emt 0:10:33]} dxe5 {[%emt 0:01:12]} 13. Nd2 {[%emt 0:05:18]} Bg6 {[%emt 0:01:53]} 14. Bf3 {[%emt 0:07:18]} Qc7 {[%emt 0:07:12]} 15. Qe2 {[%emt 0:04:25]} a6 {[%emt 0:01:48]} 16. Na2 {[%emt 0:00:55]} b5 {[%emt 0:00:51]} 17. Nc1 {[%emt 0:00:34]} Nc5 {[%emt 0:05:18]} 18. Nd3 {[%emt 0:01:56]} Nxd3 {[%emt 0:03:55]} 19. Qxd3 {[%emt 0:01:02]} Rad8 {[%emt 0:01:53]} 20. Qe2 {[%emt 0:03:40]} Nd7 {[%emt 0:04:23]} 21. Nf1 {[%emt 0:01:41]} Nc5 {[%emt 0:01:59]} 22. axb5 {[%emt 0:00:31]} axb5 {[%emt 0:00:25]} 23. Qe3 {[%emt 0:03:36]} Ne6 {[%emt 0:03:34]} 24. Qa7 {[%emt 0:02:09]} Qxa7 {[%emt 0:04:35]} 25. Rxa7 {[%emt 0:00:06]} Bb4 {[%emt 0:00:13]} 26. Rea1 {[%emt 0:03:39]} Ng5 {[%emt 0:02:00]} 27. Rc7 {[%emt 0:00:52]} Nxf3+ {[%emt 0:30:19]} 28. gxf3 {[%emt 0:00:07]} Re6 {[%emt 0:00:09]} 29. Ra6 {[%emt 0:07:41]} Bh5 {[%emt 0:00:53]} 30. Kg2 {[%emt 0:01:51]} Rf6 {[%emt 0:05:25]} 31. Bxe5 {[%emt 0:00:34]} Rxf3 {[%emt 0:01:08]} 32. Raxc6 {[%emt 0:02:29]} Be1 {[%emt 0:00:58]} 33. Bg3 {[%emt 0:00:33]} b4 {[%emt 0:00:10]} 34. Rc8 {[%emt 0:00:52]} Rxc8 {[%emt 0:00:04]} 35. Rxc8+ {[%emt 0:00:06]} Kh7 {[%emt 0:00:02]} 36. Rc5 {[%emt 0:00:48]} g5 {[%emt 0:00:04]} 37. Ne3 {[%emt 0:01:36]} Rf6 {[%emt 0:01:47]} 38. Ng4 {[%emt 0:01:26]} Bxg4 {[%emt 0:02:17]} 39. hxg4 {[%emt 0:00:09]} Re6 {[%emt 0:00:22]} 40. Kf3 {[%emt 0:01:17]} Kg6 {[%emt 0:00:53]} 41. Be5 {[%emt 0:07:21]} f6 {[%emt 0:02:22]} 42. Bd4 {[%emt 0:04:10]} Bd2 {[%emt 0:01:13]} 43. Rc4 {[%emt 0:01:33]} h5 {[%emt 0:00:33]} 44. gxh5+ {[%emt 0:00:32]} Kxh5 {[%emt 0:00:03]} 45. Ke2 {[%emt 0:01:44]} Bc1 {[%emt 0:00:51]} 46. Kd3 {[%emt 0:02:10]} Ba3 {[%emt 0:00:06]} 47. f3 {[%emt 0:01:12]} Kh4 {[%emt 0:00:55]} 48. Rc5 {[%emt 0:00:33]} Kg3 {[%emt 0:00:46]} 49. Rf5 {[%emt 0:01:30]} Rd6 {[%emt 0:00:04]} 50. Kc4 {[%emt 0:02:04]} Rc6+ {[%emt 0:00:07]} 51. Bc5 {[%emt 0:00:40]} Bc1 {[%emt 0:00:24]} 52. Kd3 {[%emt 0:02:19]} Bf4 {[%emt 0:00:15]} 53. Ke2 {[%emt 0:00:50]} Be5 {[%emt 0:00:11]} 54. Bxb4 {[%emt 0:01:52]} Rxc2+ {[%emt 0:00:12]} 55. Kd3 {[%emt 0:00:41]} Rc1 {[%emt 0:01:16]} 56. Bd2 {[%emt 0:03:06]} Rb1 {[%emt 0:02:25]} 57. b4 {[%emt 0:01:42]} Rb3+ {[%emt 0:00:06]} 58. Ke2 {[%emt 0:00:37]} Rb2 {[%emt 0:00:05]} 59. Kd3 {[%emt 0:01:18]} Rb3+ {[%emt 0:00:06]} 60. Ke2 {[%emt 0:00:11]} Rb2 {[%emt 0:00:04]} 61. Kd3 {[%emt 0:02:39]} Rb3+ {[%emt 0:00:05]} 1/2-1/2

[Event "Fagernes GM Swiss 2020"]
[Site "Fagernes"]
[Date "2020.10.04"]
[Round "1.14"]
[White "Vestby-Ellingsen, Mads"]
[Black "Mansoor, Afras"]
[Result "1/2-1/2"]
[WhiteElo "2362"]
[BlackElo "2117"]
[Annotator "ChessBase"]
[PlyCount "213"]
[EventDate "2020.10.04"]
[EventType "swiss"]
[EventCountry "NOR"]
[SourceTitle "playchess.com"]
[Source "ChessBase"]
[SourceQuality "1"]
[TimeControl "40/6000+30:2400+30"]

1. e4 {[%emt 0:00:00]} e5 {[%emt 0:00:00]} 2. Nf3 {[%emt 0:00:00]} Nc6 {[%emt 0:00:00]} 3. d4 {[%emt 0:00:00]} exd4 {[%emt 0:00:00]} 4. Nxd4 {[%emt 0:00:10]} Nf6 {[%emt 0:00:01]} 5. Nxc6 {[%emt 0:00:11]} bxc6 {[%emt 0:00:04]} 6. Nd2 {[%emt 0:00:16]} Bc5 {[%emt 0:02:30]} 7. Bd3 {[%emt 0:00:18]} d5 {[%emt 0:07:03]} 8. c4 {[%emt 0:09:39]} O-O {[%emt 0:06:55]} 9. O-O {[%emt 0:01:42]} Re8 {[%emt 0:04:05]} 10. exd5 {[%emt 0:01:30]} cxd5 {[%emt 0:01:06]} 11. Nb3 {[%emt 0:02:37]} Bf8 {[%emt 0:02:01]} 12. Bg5 {[%emt 0:06:24]} h6 {[%emt 0:07:19]} 13. Bh4 {[%emt 0:00:38]} a5 {[%emt 0:05:53]} 14. Qc2 {[%emt 0:09:56]} a4 {[%emt 0:09:56]} 15. Nd2 {[%emt 0:00:46]} Bb7 {[%emt 0:02:06]} 16. c5 {[%emt 0:17:11]} Ra5 {[%emt 0:09:17]} 17. b4 {[%emt 0:01:05]} axb3 {[%emt 0:00:05]} 18. Nxb3 {[%emt 0:00:13]} Ra4 {[%emt 0:00:43]} 19. Bxf6 {[%emt 0:13:35]} Qxf6 {[%emt 0:01:07]} 20. Bb5 {[%emt 0:00:37]} Rc4 {[%emt 0:06:09]} 21. Bxc4 {[%emt 0:00:13]} dxc4 {[%emt 0:00:03]} 22. Qxc4 {[%emt 0:01:21]} Re4 {[%emt 0:08:38]} 23. Qd3 {[%emt 0:08:21]} Rf4 {[%emt 0:10:19]} 24. Qe3 {[%emt 0:05:01]} Bd5 {[%emt 0:04:20]} 25. Rad1 {[%emt 0:04:34]} c6 {[%emt 0:01:11]} 26. Rxd5 {[%emt 0:05:39]} cxd5 {[%emt 0:00:06]} 27. Qd2 {[%emt 0:00:11]} Ra4 {[%emt 0:09:50]} 28. g3 {[%emt 0:04:40]} Qc6 {[%emt 0:05:18]} 29. Rd1 {[%emt 0:03:42]} Bxc5 {[%emt 0:04:05]} 30. Qxd5 {[%emt 0:06:17]} Qxd5 {[%emt 0:00:04]} 31. Rxd5 {[%emt 0:00:10]} Bb6 {[%emt 0:00:34]} 32. Rd2 {[%emt 0:02:33]} g5 {[%emt 0:00:10]} 33. h3 {[%emt 0:02:32]} Kg7 {[%emt 0:02:25]} 34. Kf1 {[%emt 0:00:10]} h5 {[%emt 0:00:57]} 35. f3 {[%emt 0:02:58]} Ba7 {[%emt 0:00:47]} 36. g4 {[%emt 0:01:50]} hxg4 {[%emt 0:00:13]} 37. hxg4 {[%emt 0:00:02]} Kf6 {[%emt 0:01:37]} 38. Rc2 {[%emt 0:00:40]} Ke5 {[%emt 0:01:09]} 39. Nd2 {[%emt 0:01:05]} f5 {[%emt 0:00:40]} 40. gxf5 {[%emt 0:00:25]} Kxf5 {[%emt 0:00:05]} 41. Ke2 {[%emt 0:01:25]} Ke5 {[%emt 0:08:50]} 42. a3 {[%emt 0:11:33]} Kd5 {[%emt 0:08:13]} 43. Rc3 {[%emt 0:04:17]} Bc5 {[%emt 0:04:44]} 44. Ne4 {[%emt 0:06:24]} Be7 {[%emt 0:02:39]} 45. Re3 {[%emt 0:00:18]} Kc6 {[%emt 0:05:34]} 46. Kf1 {[%emt 0:13:17]} Rxa3 {[%emt 0:01:36]} 47. Rxa3 {[%emt 0:00:19]} Bxa3 {[%emt 0:00:07]} 48. Nxg5 {[%emt 0:00:11]} Kd5 {[%emt 0:00:03]} 49. Kf2 {[%emt 0:00:32]} Ke5 {[%emt 0:00:08]} 50. Ne4 {[%emt 0:00:39]} Kf4 {[%emt 0:00:21]} 51. Kg2 {[%emt 0:00:23]} Bb4 {[%emt 0:00:37]} 52. Nf2 {[%emt 0:00:12]} Ba3 {[%emt 0:00:11]} 53. Nd3+ {[%emt 0:00:16]} Kf5 {[%emt 0:00:06]} 54. Kf2 {[%emt 0:00:26]} Bf8 {[%emt 0:00:13]} 55. Ke3 {[%emt 0:00:10]} Bh6+ {[%emt 0:00:14]} 56. Ke2 {[%emt 0:00:08]} Bf8 {[%emt 0:00:04]} 57. Ne1 {[%emt 0:00:13]} Be7 {[%emt 0:00:18]} 58. Nc2 {[%emt 0:00:11]} Bc5 {[%emt 0:00:07]} 59. Na1 {[%emt 0:00:07]} Ba7 {[%emt 0:00:21]} 60. Nb3 {[%emt 0:00:12]} Bb6 {[%emt 0:00:10]} 61. Nd2 {[%emt 0:00:11]} Ba7 {[%emt 0:00:50]} 62. Ne4 {[%emt 0:00:16]} Bb8 {[%emt 0:00:17]} 63. Nc3 {[%emt 0:00:10]} Ba7 {[%emt 0:00:15]} 64. Nb5 {[%emt 0:00:12]} Bc5 {[%emt 0:00:21]} 65. Nc3 {[%emt 0:00:17]} Ba7 {[%emt 0:00:04]} 66. Nd5 {[%emt 0:00:09]} Bc5 {[%emt 0:00:15]} 67. Kd3 {[%emt 0:00:09]} Ba7 {[%emt 0:00:31]} 68. Ne7+ {[%emt 0:00:13]} Kf4 {[%emt 0:00:28]} 69. Ke2 {[%emt 0:00:08]} Bg1 {[%emt 0:00:15]} 70. Nd5+ {[%emt 0:00:11]} Kf5 {[%emt 0:00:07]} 71. Kf1 {[%emt 0:00:27]} Ba7 {[%emt 0:01:03]} 72. Kg2 {[%emt 0:00:09]} Bb8 {[%emt 0:00:44]} 73. Ne7+ {[%emt 0:00:14]} Kf4 {[%emt 0:00:32]} 74. Nc6 {[%emt 0:00:07]} Bd6 {[%emt 0:00:29]} 75. Nd4 {[%emt 0:00:10]} Bb8 {[%emt 0:01:01]} 76. Ne2+ {[%emt 0:00:13]} Kf5 {[%emt 0:00:06]} 77. Nc3 {[%emt 0:00:08]} Ba7 {[%emt 0:00:23]} 78. Ne4 {[%emt 0:00:17]} Bb8 {[%emt 0:00:12]} 79. Nf2 {[%emt 0:00:12]} Ba7 {[%emt 0:00:49]} 80. Nd3 {[%emt 0:00:11]} Bb8 {[%emt 0:00:24]} 81. Nb4 {[%emt 0:00:09]} Ba7 {[%emt 0:00:19]} 82. Nc6 {[%emt 0:00:10]} Bc5 {[%emt 0:00:18]} 83. Na5 {[%emt 0:00:09]} Ba7 {[%emt 0:00:07]} 84. Nc4 {[%emt 0:00:14]} Bc5 {[%emt 0:00:16]} 85. Nd2 {[%emt 0:00:09]} Ba7 {[%emt 0:00:14]} 86. Nf1 {[%emt 0:00:10]} Kf4 {[%emt 0:00:32]} 87. Ng3 {[%emt 0:00:09]} Bb8 {[%emt 0:00:09]} 88. Ne2+ {[%emt 0:00:09]} Kf5 {[%emt 0:00:02]} 89. Ng3+ {[%emt 0:00:12]} Bxg3 {[%emt 0:00:14]} 90. Kxg3 {[%emt 0:00:07]} Kg5 {[%emt 0:00:01]} 91. Kg2 {[%emt 0:00:14]} Kf4 {[%emt 0:00:04]} 92. Kf2 {[%emt 0:00:09]} Kf5 {[%emt 0:00:06]} 93. Ke3 {[%emt 0:00:07]} Ke5 {[%emt 0:00:04]} 94. f4+ {[%emt 0:00:07]} Kf5 {[%emt 0:00:19]} 95. Kf3 {[%emt 0:00:23]} Kf6 {[%emt 0:00:03]} 96. Ke4 {[%emt 0:00:05]} Ke6 {[%emt 0:00:03]} 97. f5+ {[%emt 0:00:09]} Kf6 {[%emt 0:00:02]} 98. Kf4 {[%emt 0:00:10]} Kf7 {[%emt 0:00:02]} 99. Ke5 {[%emt 0:00:09]} Ke7 {[%emt 0:00:06]} 100. Ke4 {[%emt 0:00:06]} Kf6 {[%emt 0:00:03]} 101. Kf4 {[%emt 0:00:08]} Kf7 {[%emt 0:00:03]} 102. Kg5 {[%emt 0:00:07]} Kg7 {[%emt 0:00:02]} 103. f6+ {[%emt 0:00:07]} Kf7 {[%emt 0:00:03]} 104. Kf5 {[%emt 0:00:12]} Kf8 {[%emt 0:00:09]} 105. Ke6 {[%emt 0:00:07]} Ke8 {[%emt 0:00:04]} 106. f7+ {[%emt 0:00:08]} Kf8 {[%emt 0:00:23]} 107. Kf6 {[%emt 0:24:55]} 1/2-1/2

[Event "Fagernes GM Swiss 2020"]
[Site "Fagernes"]
[Date "2020.10.04"]
[Round "1.15"]
[White "Fuglestein, Sander"]
[Black "Abdrlauf, Elham"]
[Result "0-1"]
[WhiteElo "2109"]
[BlackElo "2362"]
[Annotator "ChessBase"]
[PlyCount "80"]
[EventDate "2020.10.04"]
[EventType "swiss"]
[EventCountry "NOR"]
[SourceTitle "playchess.com"]
[Source "ChessBase"]
[SourceQuality "1"]
[TimeControl "40/6000+30:2400+30"]

1. d4 {[%emt 0:00:00]} Nf6 {[%emt 0:00:00]} 2. c4 {[%emt 0:00:00]} e6 {[%emt 0:00:00]} 3. g3 {[%emt 1:41:30]} d5 {[%emt 1:41:30]} 4. Nf3 {[%emt 0:00:00]} Bb4+ {[%emt 0:00:00]} 5. Bd2 {[%emt 0:00:00]} Be7 {[%emt 0:00:00]} 6. Bg2 {[%emt 0:00:00]} Nbd7 {[%emt 0:00:00]} 7. Qc2 {[%emt 0:00:00]} c6 {[%emt 0:00:00]} 8. O-O {[%emt 0:00:00]} Ne4 {[%emt 0:00:00]} 9. Nc3 {[%emt 0:03:00]} Nxd2 {[%emt 0:03:00]} 10. Nxd2 {[%emt 0:00:00]} O-O {[%emt 0:00:00]} 11. b3 {[%emt 0:00:00]} Nf6 {[%emt 0:01:00]} 12. Rad1 {[%emt 0:01:30]} b5 {[%emt 0:00:30]} 13. cxb5 {[%emt 0:00:30]} cxb5 {[%emt 0:00:30]} 14. Nxb5 {[%emt 0:00:30]} Qb6 {[%emt 0:00:30]} 15. Nc3 {[%emt 0:00:30]} Ba6 {[%emt 0:00:30]} 16. Ndb1 {[%emt 0:00:30]} Rac8 {[%emt 0:00:30]} 17. Qb2 {[%emt 0:00:30]} Rc7 {[%emt 0:00:30]} 18. Na4 {[%emt 0:00:30]} Qa5 {[%emt 0:00:30]} 19. Rc1 {[%emt 0:00:30]} Rfc8 {[%emt 0:00:30]} 20. Rxc7 {[%emt 0:00:30]} Qxc7 {[%emt 0:00:30]} 21. Nbc3 {[%emt 0:00:30]} Bb4 {[%emt 0:00:30]} 22. Rc1 {[%emt 0:00:30]} Qe7 {[%emt 0:00:30]} 23. Rc2 {[%emt 0:00:30]} Ba3 {[%emt 0:00:30]} 24. Qb1 {[%emt 0:00:30]} Qb4 {[%emt 0:00:30]} 25. Qd1 {[%emt 0:00:30]} Qa5 {[%emt 0:00:30]} 26. e3 {[%emt 0:00:30]} Ne4 {[%emt 0:00:30]} 27. Bxe4 {[%emt 0:00:30]} dxe4 {[%emt 0:00:30]} 28. Nc5 {[%emt 0:00:30]} Bxc5 {[%emt 0:00:30]} 29. dxc5 {[%emt 0:00:30]} Bd3 {[%emt 0:00:30]} 30. Rc1 {[%emt 0:00:30]} Rxc5 {[%emt 0:00:30]} 31. Na4 {[%emt 0:00:30]} Rxc1 {[%emt 0:00:30]} 32. Qxc1 {[%emt 0:00:30]} h5 {[%emt 0:00:30]} 33. Qd1 {[%emt 0:00:30]} h4 {[%emt 0:00:30]} 34. Nb2 {[%emt 0:00:30]} Qc3 {[%emt 0:00:30]} 35. Nc4 {[%emt 0:00:30]} h3 {[%emt 0:00:30]} 36. Nd2 {[%emt 0:00:30]} g6 {[%emt 0:00:30]} 37. Nf1 {[%emt 0:00:30]} Qb2 {[%emt 0:00:30]} 38. a4 {[%emt 0:00:30]} a5 {[%emt 0:00:30]} 39. Nd2 {[%emt 0:00:30]} Qc3 {[%emt 0:00:30]} 40. Qe1 {[%emt 0:00:30]} Qc2 {[%emt 0:00:30]} 0-1